00503nam a2200193 a 4500001001300000003000900013005001700022008004100039020001000080082001800090100002600108245003700134260003300171300000900204500003500213505001900248650001600267700002600283nice12345678IN_TiNIC20260116013345.0050524s1993 dela grp 000 0 eng  ac45000a891.4391bMAH aMahmud, Sayyid Fayyaz aGhalibb a Critical Introduction aDelhibAdam Publishersc1993 a512p aincludes index and biblioraphy2 areprinted 1993 aUrdu-Poetry1 aMahmud, Sayyid Fayyaz